[Event "Int. Stuttgarter Stadtmeisterschaft C"]
[Site "Ditzingen"]
[Date "2013.05.12"]
[Round "7.16"]
[White "Castiglione, David"]
[Black "Afonso, Nils"]
[Result "1-0"]
[WhiteElo "1116"]
[BlackElo "993"]
[PlyCount "93"]
[EventDate "2013.??.??"]
[WhiteTeam "SC Ingersheim e.V."]
[BlackTeam "SF 59 Kornwestheim"]

1. d4 d5 2. c4 dxc4 3. e4 Nc6 4. d5 Ne5 5. Bf4 Nd3+ 6. Bxd3 cxd3 7. Qxd3 e6 8.
Nc3 Bb4 9. Qb5+ c6 10. Qxb4 cxd5 11. O-O-O Ne7 12. Nf3 O-O 13. Rhe1 Nc6 14. Qc5
Bd7 15. exd5 b6 16. Qa3 exd5 17. Rxd5 a5 18. Red1 Ra7 19. Nb5 Rb7 20. Qd6 Qc8
21. Kb1 Bf5+ 22. Ka1 Nb4 23. Nc3 Nxd5 24. Nxd5 Qc5 25. Ne3 Rd7 26. Nxf5 Rxd6
27. Bxd6 Qc2 28. Ne3 Qxf2 29. Bxf8 Kxf8 30. Nf5 Ke8 31. Nd6+ Ke7 32. Nc8+ Kf6
33. Rd6+ Kf5 34. Ne7+ Ke4 35. Rd4+ Ke3 36. Nf5+ Ke2 37. Rd2+ Kf1 38. Rxf2+ Kxf2
39. Ne5 g5 40. Nxf7 g4 41. Ng5 h5 42. Kb1 Kxg2 43. Kc1 Kxh2 44. Kd2 g3 45. Ke2
g2 46. Nf3+ Kh1 47. Ng3# 1-0

[Event "Int. Stuttgarter Stadtmeisterschaft C"]
[Site "Ditzingen"]
[Date "2013.05.12"]
[Round "7.17"]
[White "Jüttner, Dennis"]
[Black "Ustaosman, Hasan"]
[Result "1-0"]
[WhiteElo "1064"]
[BlackElo "976"]
[PlyCount "67"]
[EventDate "2013.??.??"]
[WhiteTeam "SpVgg Rommelshausen"]
[BlackTeam "TSG Steinheim"]

1. e4 c5 2. c3 e5 3. d4 cxd4 4. cxd4 exd4 5. Qxd4 d6 6. Bc4 Be6 7. Bxe6 fxe6 8.
Nf3 Nc6 9. Qa4 e5 10. Qb3 Qd7 11. O-O Be7 12. Ng5 Bxg5 13. Bxg5 Nd4 14. Qd3 Qg4
15. Be3 Nf3+ 16. Kh1 Nh4 17. Qb5+ Kf8 18. Rg1 Qxe4 19. Nc3 Qc6 20. Qb4 Ne7 21.
Qxh4 Ng6 22. Qb4 Ne7 23. Rad1 Rd8 24. Bxa7 Ke8 25. Qb3 Rf8 26. Nd5 Nxd5 27.
Rxd5 Rc8 28. h3 Ke7 29. Rd3 Rf6 30. Be3 Kd7 31. Bg5 Rxf2 32. Rf3 Rxf3 33. gxf3
e4 34. Qf7# 1-0

[Event "Int. Stuttgarter Stadtmeisterschaft C"]
[Site "Ditzingen"]
[Date "2013.05.12"]
[Round "7.18"]
[White "Fischer, Robert"]
[Black "Kobald, Pierre"]
[Result "0-1"]
[WhiteElo "1013"]
[BlackElo "1075"]
[PlyCount "44"]
[EventDate "2013.??.??"]
[WhiteTeam "TSG Steinheim"]
[BlackTeam "SV Stuttgart-Wolfbusch 1956 e.V."]

1. e4 e5 2. Bc4 Nc6 3. c3 Bc5 4. Nf3 d6 5. d4 Bb6 6. Bb5 a6 7. Bxc6+ bxc6 8.
dxe5 Bg4 9. Nbd2 dxe5 10. O-O Nf6 11. h3 Bh5 12. g4 Bg6 13. Qe2 O-O 14. Nxe5
Re8 15. Nxg6 fxg6 16. Qc4+ Kh8 17. Re1 Qd7 18. Re2 Re7 19. Kg2 Rf8 20. b3 Nxg4
21. Ba3 Nxf2 22. Rf1 Qxh3+ 0-1

[Event "Int. Stuttgarter Stadtmeisterschaft C"]
[Site "Ditzingen"]
[Date "2013.05.12"]
[Round "7.19"]
[White "Haug, Tim"]
[Black "Grimm, Ferdinand"]
[Result "1-0"]
[WhiteElo "1034"]
[BlackElo "842"]
[PlyCount "37"]
[EventDate "2013.??.??"]
[WhiteTeam "VfL Sindelfingen"]
[BlackTeam "SC Gross-Sachsenheim"]

1. e4 d5 2. Nc3 dxe4 3. Nxe4 Nc6 4. Nf3 Bg4 5. Bb5 e6 6. Bxc6+ bxc6 7. c3 Nf6
8. Qe2 Be7 9. O-O Qd5 10. Re1 O-O 11. d4 Nxe4 12. Qxe4 Qxe4 13. Rxe4 Bxf3 14.
gxf3 c5 15. Be3 cxd4 16. Bxd4 Rfd8 17. Rg4 f6 18. f4 Bb4 19. Bxf6 1-0

[Event "Int. Stuttgarter Stadtmeisterschaft C"]
[Site "Ditzingen"]
[Date "2013.05.12"]
[Round "7.20"]
[White "Günther, Niclas"]
[Black "Ungerer, Tobias"]
[Result "1-0"]
[WhiteElo "728"]
[BlackElo "914"]
[PlyCount "81"]
[EventDate "2013.??.??"]
[WhiteTeam "SF Freiberg"]
[BlackTeam "Schach-Kids Bernhausen e.V."]

1. e4 e5 2. Qh5 Nc6 3. Bc4 g6 4. Qf3 Nf6 5. Qb3 d5 6. exd5 Nd4 7. Bb5+ Bd7 8.
Bxd7+ Qxd7 9. Qxb7 Nxc2+ 10. Kd1 Qg4+ 11. f3 Qxg2 12. Qxa8+ Ke7 13. Kxc2 Qxh1
14. Qxa7 Nxd5 15. b3 Kf6 16. Ne2 Nb4+ 17. Kb2 Nd3+ 18. Kc3 Qxf3 19. Qa6+ Kg7
20. Qxd3 Qc6+ 21. Qc4 Qf6 22. a4 e4+ 23. Nd4 c5 24. a5 cxd4+ 25. Qxd4 Qxd4+ 26.
Kxd4 f5 27. Bb2 Kh6 28. Kd5 Rg8 29. Ke6 Bc5 30. Ba3 Bd4 31. Nc3 Ra8 32. Bc1 Bc5
33. d4+ g5 34. dxc5 f4 35. h4 Kh5 36. hxg5 Kxg5 37. Nxe4+ Kg4 38. c6 Re8+ 39.
Kd5 Rd8+ 40. Nd6 Ra8 41. c7 1-0

[Event "Int. Stuttgarter Stadtmeisterschaft C"]
[Site "Ditzingen"]
[Date "2013.05.12"]
[Round "7.21"]
[White "Lehmann, Felix"]
[Black "Mirosenski, Roman"]
[Result "1-0"]
[WhiteElo "775"]
[BlackElo "896"]
[PlyCount "91"]
[EventDate "2013.??.??"]
[WhiteTeam "SF Freiberg"]
[BlackTeam "SF Deizisau"]

1. d4 d5 2. Nf3 c6 3. Nc3 e6 4. Bf4 Nf6 5. e3 Nbd7 6. Bd3 Qa5 7. O-O Bb4 8. Qd2
Bxc3 9. bxc3 O-O 10. c4 Qxd2 11. Nxd2 dxc4 12. Nxc4 Nb6 13. Rab1 Nxc4 14. Bxc4
b5 15. Bd3 a5 16. c4 Ba6 17. cxb5 cxb5 18. Bxb5 Ne4 19. Rfe1 Nd2 20. Rb2 Ne4
21. Bc6 f5 22. Bxa8 Rxa8 23. Rb6 Bc4 24. a3 g5 25. Be5 Kf7 26. Rb7+ Kg6 27. h3
Bd5 28. Rg7+ Kh6 29. Rc1 Nf6 30. Bxf6 g4 31. h4 Rf8 32. Rcc7 g3 33. Rxh7+ Kg6
34. Be5 gxf2+ 35. Kxf2 f4 36. exf4 Rxf4+ 37. Bxf4 e5 38. dxe5 Bf7 39. Rhxf7 a4
40. Rg7+ Kh5 41. Bg3 Kh6 42. e6 Kh5 43. e7 Kh6 44. Be5 Kh5 45. e8=Q+ Kh6 46.
Qg6# 1-0

[Event "Int. Stuttgarter Stadtmeisterschaft C"]
[Site "Ditzingen"]
[Date "2013.05.12"]
[Round "7.22"]
[White "Aksit, Ali Tayyib"]
[Black "Finkbeiner, Alina"]
[Result "0-1"]
[WhiteElo "742"]
[BlackElo "981"]
[PlyCount "108"]
[EventDate "2013.??.??"]
[WhiteTeam "SF Freiberg"]
[BlackTeam "SV Stuttgart-Wolfbusch 1956 e.V."]

1. d4 d5 2. Nf3 Nf6 3. Bf4 Nc6 4. e3 Bg4 5. Be2 e6 6. O-O Bd6 7. Ne5 Bxe2 8.
Qxe2 O-O 9. Nxc6 bxc6 10. Bxd6 Qxd6 11. f3 e5 12. dxe5 Qxe5 13. Nc3 Rab8 14.
Rad1 Rxb2 15. Na4 Rxa2 16. Rd4 Qh5 17. g4 Qg6 18. Rc1 h5 19. h3 Re8 20. Nc3 c5
21. Nxa2 cxd4 22. Re1 Rxe3 23. Qf2 Rxe1+ 24. Qxe1 Qxc2 25. g5 Qg6 26. h4 Kf8
27. Nb4 d3 28. Nc6 d2 29. Qxd2 Qb1+ 30. Kg2 Qb6 31. Qc3 Nd7 32. f4 Qc5 33.
Qxc5+ Nxc5 34. Nxa7 f5 35. Nc6 Ne6 36. Kf3 d4 37. Ne5 c5 38. Kg3 d3 39. Nxd3 c4
40. Ne1 c3 41. Kf3 Kf7 42. Nd3 c2 43. Ke3 Nc5 44. Ne5+ Ke6 45. Kd2 c1=Q+ 46.
Kxc1 Kd5 47. Kd2 Ke4 48. Ng6 Ne6 49. Ke2 Nxf4+ 50. Nxf4 Kxf4 51. Kf2 Kg4 52.
Ke3 f4+ 53. Ke4 f3 54. Ke5 f2 0-1